000 00631 a2200181 4500
003 Nust
005 20170207153218.0
040 _cNust
082 _a621.382
100 _aChandio, Abdul Fattah ( MSEE-6)
245 _aDesign and implementation of computer generated hologram
_cAbdul Fattah Chandio
260 _bMCS, NUST
_c2003
_aRawalpindi
300 _ax,79, p.;
505 _aIntroduction to Thesis (page-1) Evolution of holography (page-4) Computer generated holography (page-360 Experiments and results (page-60) Conclusion of Thesis (page-68)
538 _aAlmirah No 69 Shelf No 1
650 _aPG Thesis
651 _aMSEE-6
942 _cTHS
999 _c181651
_d181651